Un concierto casero (Record no. 162072)

MARC details
000 -LEADER
campo de control de longitud fija 00958nam a22002175i 4500
001 - NÚMERO DE CONTROL
campo de control 162072
003 - IDENTIFICADOR DE NÚMERO DE CONTROL
campo de control ES-MaACL
005 - FECHA Y HORA DE LA ÚLTIMA TRANSACCIÓN
campo de control 20230906212424.0
008 - DATOS DE LONGITUD FIJA--INFORMACIÓN GENERAL
campo de control de longitud fija 010915d1861 sp |||| | spa d
040 ## - FUENTE DE CATALOGACIÓN
Centro catalogador/agencia de origen CYL
Lengua de catalogación spa
Centro/agencia transcriptor CYL
100 1# - ENTRADA PRINCIPAL--NOMBRE DE PERSONA
Nombre de persona Picón, José.
9 (RLIN) 91876
245 13 - MENCIÓN DEL TÍTULO
Título Un concierto casero
Resto del título : sainete lírico en verso /
Mención de responsabilidad, etc. original de José Picon ; musica del maestro Cristobal Oudrid.
260 ## - PUBLICACIÓN, DISTRIBUCIÓN, ETC.
Lugar de publicación, distribución, etc. Madrid :
Nombre del editor, distribuidor, etc. [s.n.],
Fecha de publicación, distribución, etc. 1861 (
Fabricante Imprenta de Cristobal Gonzalez)
300 ## - DESCRIPCIÓN FÍSICA
Extensión 46 p. ;
Dimensiones 18 cm.
500 ## - NOTA GENERAL
Nota general Estrenado en el Teatro de la Zarzuela en Diciembre de 1861.
596 #1 - NOTA AL PIE DE IMPRENTA
NOTA AL PIE DE IMPRENTA En verso de port. consta: "... del Centro General de Administración ..."
700 01 - ENTRADA AGREGADA--NOMBRE PERSONAL
Nombre de persona Oudrid, Cristóbal.
9 (RLIN) 87969
700 11 - ENTRADA AGREGADA--NOMBRE PERSONAL
Nombre de persona González, Cristobal, imp.
9 (RLIN) 127458
752 ## - ENTRADA AGREGADA--NOMBRE JERÁRQUICO DEL LUGAR
País o entidad superior España -
Ciudad Madrid
852 ## - LOCALIZACIÓN
Ubicación ES-MaACL
Número de control de estantería F-8632
Nota libre -- Enc. pasta española
condición física -- Falto de la cub. original
Nota libre -- Enc. en un vol. facticio, formando parte de la col. "Teatro español moderno"
Holdings
Estatus retirado Estado de pérdida Estado de daño No para préstamo Colección Biblioteca de origen Biblioteca actual Ubicación en estantería Fecha de adquisición Fuente de adquisición Total de préstamos Signatura topográfica completa Código de barras Visto por última vez Precio de reemplazo Tipo de ítem Koha
        Libros del s. XIX Biblioteca del Ateneo de Madrid Biblioteca del Ateneo de Madrid Sala Pecera Planta 2 17/01/2008     F-8632 1169781 23/02/2023 23/02/2023 Libro impreso antiguo